01002nam a22001817a 4500003001000000005001700010008004100027040001400068100001800082245002000100260002700120300001200147500007500159520052500234650000900759654001100768700004100779IT-MiCISF20240115105712.0240115b |||||||| |||| 00| 0 eng d cIT-MiCISF aEldredge John aCuore selvaggio aMilano, bAres, c2023 app. 335 auomo, identità-maschile, cultura, bibbia, fede, rapporti-padre-figli aSiamo uomini, un tempo siamo stati bambini. E da bambini avevamo grandi sogni: sognavamo battaglie epiche, esplorazioni, intrepide avventure; sognavamo di essere l’eroe, di sgominare i cattivi. Ma che cosa succede a questi sogni quando diventiamo grandi? In questo libro l'autore invita gli uomini a inoltrarsi nella natura profonda della loro mascolinità, nel loro cuore selvaggio, indomabile, misterioso, fatto a immagine e somiglianza del Creatore; e invita le donne a riscoprire il segreto dell’animo maschile. aUomo asaggio aTraduzione e cura di Pietro Federico